| 000 | 00456 a2200181 4500 | ||
|---|---|---|---|
| 005 | 20260212113000.0 | ||
| 008 | 260211b |||||||| |||| 00| 0 eng d | ||
| 020 |
_a9789391973698 _c Rs. 1995.00 |
||
| 040 | _aMAIN | ||
| 082 |
_a181.45 _bA57C |
||
| 100 | _aAmit Kumar | ||
| 245 | _aClassical yoga philosophy | ||
| 260 |
_bIshika Publishing House _c2025 _aJaipur |
||
| 300 | _aviii, 260 | ||
| 650 | _aYoga | ||
| 650 | _aIndian Philosophy | ||
| 942 | _cBK | ||
| 999 |
_c396129 _d396129 |
||